| 000 | 005290000a22002290004500 | ||
|---|---|---|---|
| 082 |
_a420 _bR961p |
||
| 518 | _a20020726 | ||
| 530 | _aM | ||
| 100 | _aRycenga, John A. ed. | ||
| 100 | _aSchwarts, Joseph, ed. | ||
| 245 | _aPerspectives on language, an anthology | ||
| 260 |
_aNew York _bThe Ronald Press, USA |
||
| 260 | _c1963 | ||
| 300 | _avi,356p. | ||
| 041 | _aEng | ||
| 650 | _aEnglish language | ||
| 650 | _aGrammar | ||
| 650 | _aLinguistics | ||
| 650 | _aEmployment | ||
| 650 | _aAnthologies | ||
| 942 | _cGEN | ||
| 999 |
_c27511 _d27511 |
||